Visualizzazione normale
Vista MARC
- Jaquet Illinois
di Personal Name
Records bibliografici associati: 1
001 - CONTROL NUMBER
- control field: 17271
003 - CONTROL NUMBER IDENTIFIER
- control field: IT-RoPau
005 - DATE AND TIME OF LATEST TRANSACTION
- control field: 20140324161826.0
008 - FIXED-LENGTH DATA ELEMENTS
- fixed length control field: 140324|| aca||aabn | a|a d
040 ## - CATALOGING SOURCE
- Original cataloging agency: IT-RoPau
- Transcribing agency: IT-RoPau
100 ## - HEADING--PERSONAL NAME
- Personal name: Jaquet Illinois
- Dates associated with a name: Codice autore musica SPICS: 13050
- Relator term: Autore musica
- Name of part/section of a work: Blow Illinois Blow
670 ## - SOURCE DATA FOUND
- Source citation: Work cat.: (IT-RoPau)100070: AA.VV. 794, Rhythm & Blues